Music of krishnanattam : (Record no. 151315)
[ view plain ]
| 000 -LEADER | |
|---|---|
| fixed length control field | 00608nam a22001937a 4500 |
| 005 - DATE AND TIME OF LATEST TRANSACTION | |
| control field | 20180417153534.0 |
| 010 ## - LCCN (DPL NO) | |
| LC control number | ENG-122754 |
| 020 ## - INTERNATIONAL STANDARD BOOK NUMBER | |
| International Standard Book Number | 9789381539996 |
| Terms of availability | 300.00 |
| 035 ## - SYSTEM CONTROL NUMBER | |
| System control number | EN-106286 |
| 037 ## - SOURCE OF ACQUISITION | |
| Source of stock number/acquisition | DBAD/PUB |
| 082 ## - DEWEY DECIMAL CLASSIFICATION NUMBER | |
| Classification number | 792.8095433 |
| 100 ## - MAIN ENTRY--PERSONAL NAME | |
| Personal name | Manikandan, T.V. |
| 245 ## - TITLE STATEMENT | |
| Title | Music of krishnanattam : |
| Statement of responsibility, etc | by T.V. Manikandan |
| Remainder of title | (A leading dance drama of kerala) / |
| 260 ## - PUBLICATION, DISTRIBUTION, ETC. (IMPRINT) | |
| Place of publication, distribution, etc | Delhi |
| Name of publisher, distributor, etc | Manish Prakashan |
| Date of publication, distribution, etc | 2016 |
| 270 ## - ADDRESS | |
| Address | Plot No.-26, Rohit Nagar Colony, B.H.U. Varanasi-5 |
| City | Varanasi |
| Postal code | 5 |
| Telephone number | 0542-2310682 |
| 300 ## - PHYSICAL DESCRIPTION | |
| Extent | 88p. |
| Dimensions | 20cm.(Hb) |
| Other physical details | ill. |
| 500 ## - GENERAL NOTE | |
| General note | It include bibliography |
| 942 ## - ADDED ENTRY ELEMENTS (KOHA) | |
| Source of classification or shelving scheme | Dewey Decimal Classification |
| Item type | English Books |
| Call number suffix | MAN |
| Withdrawn status | Lost status | Not for loan | Collection code | Home library | Current library | Date acquired | Source of acquisition | Cost, normal purchase price | Full call number | Barcode | Copy number | Cost, replacement price | Koha item type |
|---|---|---|---|---|---|---|---|---|---|---|---|---|---|
| Not For Loan | Non-fiction | D.B.Act.Division | Patel Nagar | 17/04/2018 | DBAD/PUB | 300.00 | MAN792.8095433 | EN-106286 | 1 | 300.00 | English Books |
